000
00219 a2200097 4500
001
28728
100
_a
Boschen, L
245
_a
Computer circuit projects you can buuild
260
_a
_b
Howard
_c
090
_c
19181
_d
19181
942
_a
NUST-CAE
_c
M
_c
10204
999
_c
263801
_d
263801